Loading...
| Literature - World | 3 | 3 | 0 | 0 | 75 | 39 | 69.00 | 3 | 6 | 0.00 | 0.00 |
| Philosophy | 2 | 3 | 0 | 0 | 60 | 45 | 81.60 | 3 | 5 | 0.00 | 0.00 |
| Fine Arts - Auditory | 0 | 5 | 0 | 0 | 50 | 75 | 89.80 | 1 | 5 | 0.00 | 0.00 |
| Mythology | 2 | 2 | 0 | 0 | 50 | 37 | 71.25 | 1 | 4 | 0.00 | 0.00 |
| History - European | 1 | 3 | 0 | 0 | 45 | 62 | 89.75 | 3 | 4 | 0.00 | 0.00 |
| Fine Arts - Other | 1 | 3 | 1 | 0 | 40 | 34 | 92.50 | 2 | 3 | 0.00 | 0.00 |
| Science - Physics | 2 | 1 | 0 | 0 | 40 | 64 | 88.67 | 0 | 3 | 0.00 | 0.00 |
| Literature - American | 2 | 1 | 1 | 0 | 35 | 49 | 78.67 | 2 | 2 | 0.00 | 0.00 |
| Religion | 2 | 0 | 0 | 0 | 30 | 50 | 52.00 | 1 | 2 | 0.00 | 0.00 |
| Literature - European | 0 | 3 | 0 | 2 | 30 | 94 | 101.33 | 0 | 3 | 0.00 | 0.00 |
| Fine Arts - Visual | 1 | 1 | 0 | 0 | 25 | 61 | 83.00 | 0 | 2 | 0.00 | 0.00 |
| Science - Chemistry | 1 | 1 | 1 | 0 | 20 | 50 | 72.50 | 1 | 2 | 0.00 | 0.00 |
| Literature - British | 0 | 3 | 2 | 0 | 20 | 95 | 98.33 | 0 | 3 | 0.00 | 0.00 |
| Social Science | 0 | 2 | 0 | 0 | 20 | 64 | 89.50 | 0 | 2 | 0.00 | 0.00 |
| Pop Culture | 0 | 2 | 0 | 0 | 20 | 74 | 101.50 | 1 | 2 | 0.00 | 0.00 |
| Science - Biology | 1 | 0 | 0 | 0 | 15 | 29 | 29.00 | 1 | 1 | 0.00 | 0.00 |
| History - Other | 0 | 2 | 1 | 1 | 15 | 114 | 118.50 | 0 | 0 | 0.00 | 0.00 |
| History - American | 0 | 1 | 1 | 1 | 5 | 150 | 150.00 | 0 | 0 | 0.00 | 0.00 |
| Other Academic | 0 | 0 | 1 | 0 | -5 | 0.00 | 0 | 0 | 0.00 | 0.00 |